000 01320nam a2200337Ia 4500
001 ebr10504182
003 CaPaEBR
006 m u
007 cr cn|||||||||
008 060710s2007 njuab sb 001 0 eng d
010 _z 2006022829
020 _z0471747327
020 _z9780471747321
020 _z9781118169667
040 _aCaPaEBR
_cCaPaEBR
035 _a(OCoLC)181344519
050 1 4 _aTA1145
_b.S487 2007eb
082 0 4 _a625.068/4
_222
100 1 _aSinha, Kumares C.
_q(Kumares Chandra)
245 1 0 _aTransportation decision making
_h[electronic resource] :
_bprinciples of project evaluation and programming /
_cKumares C. Sinha, Samuel Labi.
260 _aHoboken, N.J. :
_bJohn Wiley,
_cc2007.
300 _axxii, 544 p. :
_bill., maps.
504 _aIncludes bibliographical references and index.
533 _aElectronic reproduction.
_bPalo Alto, Calif. :
_cebrary,
_d2011.
_nAvailable via World Wide Web.
_nAccess may be limited to ebrary affiliated libraries.
650 0 _aTransportation engineering.
650 0 _aHighway engineering.
655 7 _aElectronic books.
_2local
700 1 _aLabi, Samuel,
_d1962-
710 2 _aebrary, Inc.
856 4 0 _uhttp://site.ebrary.com/lib/rucke/Doc?id=10504182
_zAn electronic book accessible through the World Wide Web; click to view
999 _c114386
_d114386